00967nas a2200229Ia 4500001001100000003000900011008004100020040001300061040001300074041001300087100003800100210001000138222001000148245008900158250001100247260004100258501008600299300001000385362004100395500026200436650003900698R455/D7414IT-RoPAU151124c99999999xx |||||||||||| ||und|| aIT-RoPAU cIT-RoPAU aITALIANO aAA.VV. gCodice Aut. SPICS: 12000 aJESUS aJesus aJESUS, ANNO 11-N.10 SUPPL. (OTTOBRE 1989)bJesus, Anno 11-N.10 Suppl. (Ottobre 1989) a1a ed. aALBA (CN)bPERIODICI SAN PAOLOc1989 bPaulus - SPICS - Società San Paolo EM (non-commercial uses only)cCopyright2015 a88 p. aANNO 011, N.10 SUPPL. (OTTOBRE 1989) aDa 75 Anni i Paolini Annunciano il Vangelo con i Mass Media: il Mondo è la Loro Parrocchia. Diventa Beato Don Timoteo Giaccardo. Preparati a Nuove Sfide. Numero Monografico con Contributi di Autori Vari. Presentazione dei Vari Rami della Famiglia Paolina. aPASTORALEvPUBBLICAZIONE PERIODICA